Pourquoi une mathémathique moderne?
Αποθηκεύτηκε σε:
| Κύριος συγγραφέας: | |
|---|---|
| Μορφή: | Βιβλίο |
| Γλώσσα: | French |
| Δημοσίευση: |
Paris :
Armand Colin,
[1970]
|
| Σειρά: | Guide Blanc
|
| Θέματα: | |
| Ετικέτες: |
Προσθήκη ετικέτας
Δεν υπάρχουν, Καταχωρήστε ετικέτα πρώτοι!
|
MARC
| LEADER | 00000cam a2200000 a 4500 | ||
|---|---|---|---|
| 001 | 1/108356 | ||
| 008 | 150903s1970####fr | ||| |||| ||fre|| | ||
| 040 | |a GR-MyUa |b gre |c GR-MyUa |e AACR2 | ||
| 041 | 0 | |a fre | |
| 082 | 7 | |a 510.71 |2 (23) | |
| 100 | 1 | |a Walusinski, Gilbert. | |
| 245 | 1 | 0 | |a Pourquoi une mathémathique moderne? / |c Gilbert Walusinski. |
| 260 | |a Paris : |b Armand Colin, |c [1970] | ||
| 300 | |a 270 σ. : |b σχέδια ; |c 22 εκ. | ||
| 490 | 1 | |a (Guide Blanc) | |
| 650 | 0 | |a Mathematics |x Study and teaching. | |
| 830 | 0 | |a Guide Blanc | |
| 852 | |a INST |b SAMOS |c MAG |e 20150903 |h 510.71 WAL |p 005300035247 |q 005300035247 |t BK |y 0 | ||
| 970 | |a Σιτζίμη |b Γιασεμή |z 03/09/2015 | ||